Estatísticas para Os 15 principais países com mortes por Covid19 - 7 de junho

Clique aqui para jogar o quiz

Estatísticas Gerais

  • Esse quiz foi jogado 5 vezes
  • A pontuação média é 13 de 20

Estatísticas das Respostas

país% Correto
Brasil
100%
Estados Unidos
100%
México
100%
Alemanha
75%
Canadá
75%
Espanha
75%
França
75%
Índia
75%
Irlanda
75%
Itália
75%
Reino Unido
75%
Rússia
75%
Suécia
75%
Portugal
50%
Suíça
50%
Bélgica
25%
Irão
25%
Países Baixos
25%
Peru
25%
Equador
0%

Distribuição das Pontuações

Percentil de Números Respondidos

Porcentagem de Pessoas com Cada Pontuação

Sua Pontuação Histórica

Você não jogou esse quiz